000
00362nam a2200169Ia 4500
100
_a
Aswathappa/K
650
_a
Human resource
250
_a
6
942
_c
BK
366
_f
25
245
_a
Human resoure management
260
_b
Tata Mc Graw hill Ltd.
_c
2010
082
_a
658.31244
_b
ASW
300
_a
829
546
_a
ENGLISH
_c
Info.Tech
999
_c
18407
_d
18407